Guía de hábitos saludables para mayores
Saved in:
| Main Authors: | , , , , , , |
|---|---|
| Format: | Book |
| Language: | Spanish |
| Published: |
Barcelona
INDE
2002
|
| Edition: | 1a. ed |
| Series: | Colección Salud
|
| Subjects: | |
| Tags: |
Add Tag
No Tags, Be the first to tag this record!
|
MARC
| LEADER | 00000nam a2200000 a 4500 | ||
|---|---|---|---|
| 001 | UCK3727 | ||
| 003 | CL-VaPUC | ||
| 008 | 050506e20020000SP |||||||||||||||||spa|d | ||
| 020 | |a 8497290062 | ||
| 082 | 0 | 4 | |a 613.0438 |b MAR |2 21 |
| 100 | |a Martín del Burgo Simarro, Francisco Javier |e autor |9 491955 | ||
| 700 | 0 | |a Gallardo Guerrero, Leonor |e author |9 491956 | |
| 700 | 0 | |a Tomás Larrén, Julio |e author |9 491957 | |
| 700 | 0 | |a Zurdo, César |e author |9 491958 | |
| 700 | 0 | |a Virosta, Alberto |e author |9 491959 | |
| 700 | 0 | |a Gómez, Javi |e author |9 491960 | |
| 700 | 0 | |a Jesús Santiago |e author |9 491961 | |
| 245 | 1 | 0 | |a Guía de hábitos saludables para mayores |
| 250 | |a 1a. ed | ||
| 300 | |a 93 p | ||
| 942 | |c BK | ||
| 945 | |d 20050506 00:00:00 |a jcarroza | ||
| 260 | |a Barcelona |b INDE |c 2002 | ||
| 650 | 0 | |a Tercera edad |9 307285 | |
| 650 | 0 | |a Ancianos |9 307293 | |
| 650 | 0 | |a Salud |9 258663 | |
| 650 | 7 | |a HIGIENE |2 CL-VaPUC |9 491963 | |
| 650 | 0 | |a Ejercicios físicos |9 307296 | |
| 583 | |a last modification |c 20050506 00:00:00 |k Rodrigo Vera | ||
| 490 | 0 | |a Colección Salud | |
| 999 | |c 312821 |d 312819 | ||
| 952 | |0 0 |1 0 |4 0 |6 613_043800000000000_MAR_2002 |7 0 |8 A |9 383659 |a BIBEDU |b BIBEDU |d 2019-11-21 |i 4119878 |o 613.0438 MAR 2002 |p 4119878 |r 2019-11-21 |w 2019-11-21 |y BK |k EFI | ||